İnsan hakları ve polis (Record no. 6656)
[ view plain ]
| 000 -BAŞLIK | |
|---|---|
| Sabit Uzunlukta Kontrol Alanı | 00817na a2200265 4500 |
| 001 - KONTROL NUMARASI | |
| Denetim Alanı | 15754 |
| 003 - KONTROL NUMARASI IDENTIFIER | |
| Denetim Alanı | MIRAKIL |
| 005 - SON İŞLEM TARİHİ VE ZAMANI | |
| Denetim Alanı | 20181213155115.0 |
| 008 - SABİT-BOY VERİ ELEMANLARI - GENEL BİLGİLER | |
| Sabit Uzunlukta Kontrol Alanı | 160923b tu 000 0 |
| 020 ## - ULUSLARARASI STANDART KİTAP NUMARASI | |
| Uluslararası Standart Kitap Numarası | 9757669113 |
| 035 ## - SİSTEM KONTROL NUMARASI | |
| Sistem Kontrol Numarası | 15754 |
| 040 ## - KATALOGLAMA KAYNAK | |
| Orijinal Kataloglama Ajansı | Milas |
| Kataloglama Dili | tur |
| Metne Dönüştürmek Ajansı | TR-AnCHP |
| 082 ## - DEWEY ONLU SINIFLANDIRMA NUMARASI | |
| Sınıflandırma Numarası | 323.3632 |
| Ürün Numarası | A42i 1984 |
| 090 ## - SINIFLAMA NUMARASI | |
| Sınıflama Numarası | 323.3632 A42i 1984 |
| 100 ## - ANA GİRİŞ - KİŞİSEL İSİM | |
| Kişisel Ad | Alderson, J. |
| 245 ## - BAŞLIK TABLOSU | |
| Başlık | İnsan hakları ve polis |
| Sorumluluk Tablosu, Vb | J. Alderson ; çeviren İhsan Kuntbay |
| 260 ## - YAYIN, DAĞITIM, VB | |
| Yayın, Dağıtım, Vb Yeri | Strasbourg |
| Yayıncı, Dağıtıcı, Vs Adı | Türkiye ve Orta Doğu Amme İdaresi Enstitüsü (TODAİE) |
| Yayın, Dağıtım, Vb Tarihi | 1984 |
| 300 ## - FİZİKSEL TANIM | |
| Kapsam | 230 s. |
| Boyutlar | 24 sm. |
| 490 ## - SERİSİ TABLOSU | |
| Seri Beyanı | Türkiye ve Orta Doğu Amme İdaresi Enstitüsü yayınları |
| Hacim / Ardışık Tanımı | 232 |
| 504 ## - KAYNAKÇA VB NOT | |
| Kaynakça Vb Notu | Kaynakça var. |
| 650 ## - KONU KATMA GİRİŞ - TOPİKAL DÖNEM | |
| Topikal Süreli Veya Coğrafi Ad Giriş Elemanı | İnsan hakları |
| Genel Alt Bölümü | Polis |
| 650 ## - KONU KATMA GİRİŞ - TOPİKAL DÖNEM | |
| Topikal Süreli Veya Coğrafi Ad Giriş Elemanı | Hak ve özgürlükler |
| Genel Alt Bölümü | Polis |
| 700 ## - KATMA GİRİŞ - KİŞİSEL İSİM | |
| Kişisel Ad | Kuntbay, İhsan |
| 942 ## - EKLENDİ GİRİŞ ELEMANLARI (KOHA) | |
| Sınıflandırma Veya Raf Düzeni Kaynak | Dewey Decimal Classification |
| Koha Öğesi Türü | Books |
| 999 ## - SİSTEM KONTROL NUMARALARI (KOHA) | |
| Koha Biblionumber | 6656 |
| Koha Biblioitemnumber | 6656 |
| Kalıcı Konum | Mevcut Konum | Edinme Tarihi | Edinim Kaynak | Toplam Check-Out'Lar | Tam Çağrı Numarası | Barkod | Tarih Son Görülme | İtibaren Geçerli Fiyatlar | Koha Öğesi Türü |
|---|---|---|---|---|---|---|---|---|---|
| CHP Kütüphanesi | CHP Kütüphanesi | 09/23/2016 | Bağış | 323.3632 A42i 1984 | 004152 | 09/23/2016 | 09/23/2016 | Books |
